[Event "BOL-ch U12"]
[Site "Cochabamba"]
[Date "2023.01.14"]
[Round "5"]
[White "Diaz Villamil, Diego Gonzalo"]
[Black "Yujra Condori, Miguel Angel"]
[Result "0-1"]
[WhiteElo "1139"]
[BlackElo "1167"]
[PlyCount "40"]
[EventDate "2023.01.13"]
[EventType "swiss"]
[EventRounds "7"]
[EventCountry "BOL"]
[SourceTitle "EXT 2024"]
[Source "ChessBase"]
[SourceDate "2023.10.10"]
[SourceVersion "1"]
[SourceVersionDate "2023.10.10"]
[SourceQuality "1"]

1. e4 g6 2. Nc3 Bg7 3. g3 d6 4. Bg2 Nf6 5. f4 0-0 6. Nf3 Nbd7 7. h3 e5 8. f5 Nc5 9. d3 Nh5 10. Ne2 gxf5 11. exf5 e4 12. Ng5 exd3 13. cxd3 Re8 14. 0-0 Rxe2 15. Qxe2 Nxg3 16. Qg4 Nxf1 17. Kxf1 Nxd3 18. Ne4 Ne5 19. Qg3 Bxf5 20. Bg5 Qf8 0-1